00509nam a2200145Ia 4500999001700000082001200017100002600029245005600055260003800111300000800149650006200157710001900219942001200238952011300250 c19756d19756 aTG.0070 aGupta, Surinder Kumar 0aScheduled castes in modern Indian politics, 1916-35 c1979bHimachal Pradesh University a575 aScheduled castes and scheduled tribesvPolitical activity aMehrotra, S.R. cTH2ddc 00104070aNASSDOCbNASSDOCd2004-10-08i2004-10-22l0oTG.0070p24305r2019-04-18 00:00:00w2019-04-18yTH